00630nam a2200193 a 450000100060000000300090000600800410001502000180005604000280007410000310010224501180013326000410025130000240029249000230031665000240033965000230036365000280038665000220041423359CO-ViMGA141112s2004 ck r 000 u spa d a9789974679948 aCO-ViMGAbspacCO-ViMGA1 aBerduque, María Carolina10aPinguinos juguetones / cadaptación y traducción al español María Carolina Berduque y Juan Cruz de Sabato aUruguay : bLatinbooks International a8 p. / 21 x 17 cm. aLibros para contar14aLibros didácticos14aLibros para contar14aLiteratura para niños14aPoesía Infantil